| 000 | 00989nam a2200253Ia 4500 | ||
|---|---|---|---|
| 003 | OSt | ||
| 005 | 20220923211644.0 | ||
| 006 | a|||||r|||| 00| 0 | ||
| 007 | ta | ||
| 008 | 220922b |||||||| |||| 00| 0 san d | ||
| 024 | _a40,288 | ||
| 037 | _cTextual | ||
| 040 |
_aARTS _cARTS _bsan |
||
| 041 |
_2san _asan |
||
| 082 | _aO15,1:g(P,3), 152M6 | ||
| 100 |
_aजोशी, ठाकुरदत्त _9156270 |
||
| 245 | 0 | _aसंस्कृत काव्यशास्त्र में लक्षणा का उद्भव तथा विकास | |
| 246 | _aSanskṛut kāvyashāstra mean lakṣhaṇā kā udbhav tathā vikāsa | ||
| 260 |
_aजोधपुर _b राजस्थानी ग्रन्थागार _c1986 |
||
| 300 |
_a424पृ. _ccm. |
||
| 650 |
_aहिन्दी साहित्य _9156264 |
||
| 942 |
_hO15,1:g(P,3), 152M6 _cTEXL _2CC |
||
| 999 |
_c302241 _d302241 |
||